Tres tratados de América, (siglo XVIII). (Record no. 182696)

MARC details
000 -LEADER
campo de control de longitud fija 01755nam a2200289 i 4500
001 - NÚMERO DE CONTROL
campo de control 182696
003 - IDENTIFICADOR DE NÚMERO DE CONTROL
campo de control ES-MaACL
005 - FECHA Y HORA DE LA ÚLTIMA TRANSACCIÓN
campo de control 20250824202958.0
008 - DATOS DE LONGITUD FIJA--INFORMACIÓN GENERAL
campo de control de longitud fija 131010s1894 sp |||| | spa d
080 ## - NÚMERO DE LA CLASIFICACIÓN DECIMAL UNIVERSAL
Número de la Clasificación Decimal Universal 94(8=134.2)"1600/1830"
245 00 - MENCIÓN DEL TÍTULO
Título Tres tratados de América, (siglo XVIII).
260 ## - PUBLICACIÓN, DISTRIBUCIÓN, ETC.
Lugar de publicación, distribución, etc. Madrid :
Nombre del editor, distribuidor, etc. Librería de Victoriano Suárez,
Fecha de publicación, distribución, etc. 1894.
300 ## - DESCRIPCIÓN FÍSICA
Extensión 255 p., 16 p. ;
Dimensiones 18 cm.
490 1# - MENCIÓN DE SERIE
Mención de serie Colección de libros raros o curiosos que tratan de América ;
Designación de volumen o secuencia 11
505 8# - NOTA DE CONTENIDO CON FORMATO
Nota de contenido con formato Contiene con portadilla propia: Relación histórica, política y moral de Cuenca, población y hermosura de su provincia / Joaquín de Merisalde y Santisteban. Razón sobre el estado y gobernacióon política y militar de la jurisdicción de Quito en 1754 /Juan Pio de Montúfar y Frasco. Diario de todo lo ocurrido en la expugnación de los fuertes de Bocachica y sitio de la ciudad de Cartagena de Indias en 1741, formado de los pliegos remitidos a S.M. /por D.Sebastián Eslava con D.Pedro Mur...
530 ## - NOTA DISPONIBLE DE FORMULARIO FÍSICO ADICIONAL
Nota de formato físico adicional disponible Disponible también en sitio web.
651 #4 - PUNTO DE ACCESO ADICIONAL DE MATERIA--NOMBRE GEOGRÁFICO
Nombre geográfico América española-
Subdivisión general Historia-
Subdivisión cronológica 1600-1830, Época colonial.
9 (RLIN) 149267
651 #4 - PUNTO DE ACCESO ADICIONAL DE MATERIA--NOMBRE GEOGRÁFICO
Nombre geográfico Cartagena (Colombia)-
Subdivisión general Historia-
Subdivisión cronológica 1741 (Sitio)
9 (RLIN) 153634
700 1# - ENTRADA AGREGADA--NOMBRE PERSONAL
Nombre de persona Merisalde y Santisteban, Joaquín de.
9 (RLIN) 153630
700 1# - ENTRADA AGREGADA--NOMBRE PERSONAL
Nombre de persona Selva Alegre, Juan Pío Montúfar y Fraso,
Títulos y otros términos asociados al nombre Marqués de.
9 (RLIN) 153631
700 1# - ENTRADA AGREGADA--NOMBRE PERSONAL
Nombre de persona Eslava, Sebastián de.
9 (RLIN) 191827
700 1# - ENTRADA AGREGADA--NOMBRE PERSONAL
Nombre de persona Mur, Pedro de.
9 (RLIN) 153633
830 00 - PUNTO DE ACCESO ADICIONAL DE SERIE-TÍTULO UNIFORME
Título uniforme Colección de libros raros o curiosos que tratan de América
Designación de volumen o secuencia 11
9 (RLIN) 188448
852 ## - LOCALIZACIÓN
Ubicación ES-MaACL
Número de control de estantería R-2960-79
Encuadernación .- Olim.: D-3069-88
856 41 - LOCALIZACIÓN Y ACCESO ELECTRÓNICOS
Identificador Uniforme de Recursos <a href="http://bibliotecadigitalhispanica.bne.es:80/webclient/DeliveryManager?pid=2171594&custom_att_2=simple_viewer">http://bibliotecadigitalhispanica.bne.es:80/webclient/DeliveryManager?pid=2171594&custom_att_2=simple_viewer</a>
Nota pública Ir a la página
Holdings
Estatus retirado Estado de pérdida Estado de daño No para préstamo Colección Biblioteca de origen Biblioteca actual Ubicación en estantería Fecha de adquisición Fuente de adquisición Total de préstamos Signatura topográfica completa Código de barras Visto por última vez Precio de reemplazo Tipo de ítem Koha
        Colección digital Biblioteca del Ateneo de Madrid Biblioteca del Ateneo de Madrid Depósito 10/10/2013     R-2960-79 1191997 23/02/2023 23/02/2023 Libro impreso antiguo